Caribbean Island Countries - Statistics

General Stats
  • This quiz has been taken 870 times
  • The average score is 17 of 27
Answer Stats
Approx. No. Islands Island Country % Correct
501 Bahamas
95%
2 Dominica
95%
23 Cuba
94%
6 Haiti
92%
26 Jamaica
92%
13 Dominican Republic
91%
2 Barbados
90%
21 Trinidad and Tobago
89%
37 Antigua and Barbuda
87%
17 Saint Lucia
87%
39 Saint Vincent and the Grenadines
87%
39 Grenada
84%
20 Saint Kitts and Nevis
66%
142 Puerto Rico
59%
4 Aruba
58%
8 Saint Martin
57%
43 British Virgin Islands
45%
81 US Virgin Islands
42%
12 Cayman Islands
40%
50 Martinique
40%
38 Guadeloupe
35%
21 Anguilla
31%
58 Turks and Caicos Islands
30%
3 Montserrat
28%
13 Saint Barthélemy
15%
6 Honduras
12%
25 Netherlands Antilles
11%
No matching quizzes found
Score Distribution
Percent of People with Each Score
Percentile by Number Answered
Your Score History
You have not taken this quiz